00410nam a2200157Ia 4500008004100000020001400041245004800055245005200103260001500155260001600170260000900186300001400195300002500209300001000234500000800244170705s9999 xx 000 0 und d a590436112 2aA picture book of Martin Luther King, Jr. / cDavid A. Adler ; illustrated by Robert Casilla. aNew York : bScholastic, c1989 aunpaged : bcolor illustration ; c21cm. a680